[Event "GBR-ch"]
[Site "Aberystwyth, Wales"]
[Date "2014.07.30"]
[Round "11.17"]
[White "Graham, David B"]
[Black "Elwin, Adrian G"]
[Result "1/2-1/2"]
[WhiteElo "2155"]
[BlackElo "1974"]
[PlyCount "118"]
[EventDate "2014.07.19"]
[EventType "swiss"]
[EventRounds "11"]
[EventCountry "GBR"]
[Source "John Saunders"]
[SourceDate "2015.07.24"]

1. e4 c6 2. d4 d5 3. e5 Bf5 4. Nf3 e6 5. Be2 Ne7 6. O-O Bg6 7. b3 Nf5 8. c4 Be7
9. Ba3 Bxa3 10. Nxa3 Qe7 11. Nc2 O-O 12. c5 Nd7 13. Bd3 Rae8 14. b4 a6 15. Qe2
Nh6 16. Bxg6 hxg6 17. a4 g5 18. b5 axb5 19. axb5 g4 20. Nfe1 f5 21. exf6 Nxf6
22. Ra7 cxb5 23. Qxb5 Ne4 24. Rxb7 Qg5 25. f4 Qh5 26. Ne3 g3 27. h3 Nd2 28. Qd7
Qg6 29. Nd3 Nxf1 30. Ne5 Qf6 31. Nxf1 Rd8 32. Qe7 Qxe7 33. Rxe7 Nf5 34. Ng6 Rf6
35. Nxg3 Nxg3 36. Ne5 Nf5 37. Rb7 Nxd4 38. c6 Nxc6 39. Nxc6 Rd6 40. Ne7+ Kh7
41. g3 Rf7 42. Kf2 Ra6 43. Rc7 Ra2+ 44. Kf3 Ra3+ 45. Kf2 Rf8 46. Rc6 Rb8 47.
Rxe6 Rb2+ 48. Re2 Rxe2+ 49. Kxe2 Rxg3 50. Nxd5 Rxh3 51. Ne3 Kg6 52. Kd3 Kf6 53.
Ke4 g6 54. Ng4+ Kg7 55. Ne3 Rh8 56. Ng4 Ra8 57. Ne3 Ra4+ 58. Ke5 Ra5+ 59. Ke4
Ra4+ 1/2-1/2

[Event "GBR-ch"]
[Site "Aberystwyth, Wales"]
[Date "2014.07.30"]
[Round "11.18"]
[White "Hoare, Amy B"]
[Black "Hill, Alistair"]
[Result "0-1"]
[WhiteElo "1950"]
[BlackElo "2126"]
[PlyCount "124"]
[EventDate "2014.07.19"]
[EventType "swiss"]
[EventRounds "11"]
[EventCountry "GBR"]
[Source "John Saunders"]
[SourceDate "2015.07.24"]

1. e4 c6 2. Nf3 d5 3. Nc3 g6 4. d4 Bg4 5. exd5 cxd5 6. Be2 Nc6 7. O-O Bg7 8.
Be3 Nf6 9. Ne5 Bxe2 10. Qxe2 O-O 11. Rad1 e6 12. Bf4 Nh5 13. Bc1 a6 14. Rfe1
Qc7 15. g4 Nf6 16. Bf4 Nxe5 17. Bxe5 Qc6 18. Rd3 Rac8 19. Rh3 Qc4 20. Qf3 Ne4
21. Bxg7 Kxg7 22. Qf4 Qxd4 23. Nxe4 dxe4 24. Rxe4 Qd1+ 25. Kg2 Qd5 26. Rd3 Qxa2
27. g5 Rc5 28. Qf6+ Kg8 29. Rh4 Rf5 30. Qd4 Rxg5+ 31. Kf1 Rd5 32. Qe3 Qxb2 33.
Rxd5 exd5 34. c3 h5 35. Kg2 Rc8 36. Qg5 Qxc3 37. Rxh5 Qg7 38. Rh3 d4 39. Qd5 b5
40. Qb7 Rd8 41. Qxa6 Qe5 42. Qa5 Qd5+ 43. Kg1 Kg7 44. Qd2 Rh8 45. Rd3 Rh4 46.
f3 Qe5 47. Qf2 Rxh2 48. Qxh2 Qe1+ 49. Kg2 Qe2+ 50. Kg1 Qxd3 51. Qe5+ Kh6 52.
Qf4+ g5 53. Qf6+ Kh5 54. Qxf7+ Kh4 55. Qf6 Qe3+ 56. Kg2 Qd2+ 57. Kg1 Kg3 58.
Qe5+ Kxf3 59. Qf5+ Kg3 60. Qe5+ Qf4 61. Qe1+ Kh3 62. Qb4 Qg3+ 0-1

[Event "GBR-ch"]
[Site "Aberystwyth, Wales"]
[Date "2014.07.30"]
[Round "11.19"]
[White "Waddington, Mike P"]
[Black "Menadue, Jeremy F S"]
[Result "1-0"]
[WhiteElo "2085"]
[BlackElo "2117"]
[PlyCount "44"]
[EventDate "2014.07.19"]
[EventType "swiss"]
[EventRounds "11"]
[EventCountry "GBR"]
[Source "John Saunders"]
[SourceDate "2015.07.24"]

1. Nc3 d5 2. e4 Nf6 3. e5 Nfd7 4. e6 fxe6 5. d4 c5 6. Nf3 Nc6 7. Bb5 g6 8. h4
Bg7 9. Bxc6 bxc6 10. h5 cxd4 11. Nxd4 Bxd4 12. Qxd4 e5 13. Qh4 Rg8 14. hxg6
hxg6 15. Bg5 Nf6 16. O-O-O Bf5 17. Qa4 d4 18. f4 Qb6 19. Nb1 Ne4 20. Rh7 Nxg5
21. fxg5 Rb8 22. b3 Qc5 1-0

[Event "GBR-ch"]
[Site "Aberystwyth, Wales"]
[Date "2014.07.30"]
[Round "11.20"]
[White "Wager, John D"]
[Black "Jarmany, John"]
[Result "1-0"]
[WhiteElo "2099"]
[BlackElo "2073"]
[PlyCount "97"]
[EventDate "2014.07.19"]
[EventType "swiss"]
[EventRounds "11"]
[EventCountry "GBR"]
[Source "John Saunders"]
[SourceDate "2015.07.24"]

1. d4 d5 2. Nf3 Nf6 3. e3 c5 4. b3 Nc6 5. Bd3 Bg4 6. Bb2 e6 7. Nbd2 Bd6 8. O-O
cxd4 9. exd4 O-O 10. Re1 Rc8 11. a3 Ne7 12. c4 Bh5 13. c5 Bb8 14. b4 Ng6 15.
Bxg6 fxg6 16. Qb3 Bxf3 17. Nxf3 Ne4 18. Rxe4 dxe4 19. Qxe6+ Kh8 20. Qxe4 Rf4
21. Qe3 Qd5 22. Re1 Rcf8 23. Qe6 Qh5 24. d5 Rxf3 25. gxf3 Qxh2+ 26. Kf1 Qh1+
27. Ke2 Qxf3+ 28. Kd2 Qb3 29. Kc1 Bf4+ 30. Kb1 Bg5 31. d6 Qxe6 32. Rxe6 Kg8 33.
Bd4 Kf7 34. Re2 a6 35. Kc2 h5 36. Kd3 h4 37. Be3 Bf6 38. Bf4 g5 39. Bh2 Re8 40.
Rxe8 Kxe8 41. f3 Kd7 42. a4 Bb2 43. b5 Bc1 44. c6+ bxc6 45. bxa6 Bf4 46. Bxf4
gxf4 47. a7 h3 48. a8=Q h2 49. Qh8 1-0

[Event "GBR-ch"]
[Site "Aberystwyth, Wales"]
[Date "2014.07.30"]
[Round "11.21"]
[White "Simons, Martin J"]
[Black "Taylor, Adam A"]
[Result "1/2-1/2"]
[WhiteElo "2087"]
[BlackElo "2021"]
[PlyCount "128"]
[EventDate "2014.07.19"]
[EventType "swiss"]
[EventRounds "11"]
[EventCountry "GBR"]
[Source "John Saunders"]
[SourceDate "2015.07.24"]

1. d4 Nf6 2. Nc3 d5 3. e4 dxe4 4. f3 e3 5. Bxe3 e6 6. Bd3 Nbd7 7. Nge2 Be7 8.
O-O O-O 9. Qd2 b6 10. Ne4 Bb7 11. N2g3 Rc8 12. Nxf6+ Nxf6 13. Rfd1 Qd7 14. c3
Rfd8 15. a4 Kh8 16. Qe1 Qe8 17. a5 c5 18. axb6 axb6 19. Ra7 Bd5 20. Qe2 Ra8 21.
Rda1 Rxa7 22. Rxa7 Ra8 23. Rxa8 Qxa8 24. dxc5 bxc5 25. c4 Bb7 26. Bf4 Qa1+ 27.
Kf2 Nd7 28. Be5 Nxe5 29. Qxe5 Bf8 30. h4 Qa6 31. Ne4 Bxe4 32. Qxe4 g6 33. Qe5+
Kg8 34. h5 Qb6 35. hxg6 hxg6 36. Qe2 Bg7 37. b3 Bd4+ 38. Kf1 Qd6 39. Ke1 Qf4
40. Kd1 Kg7 41. g4 Qb8 42. Qc2 Qg3 43. Qe2 Qg1+ 44. Qf1 Qh2 45. Qe2 Qh1+ 46.
Qf1 Qh2 47. Qe2 Qb8 48. Qc2 Qf4 49. Qe2 Kf6 50. Bc2 Be3 51. Be4 Kg5 52. Qe1 f5
53. gxf5 gxf5 54. Bc6 Kf6 55. Kc2 Qh2+ 56. Kd3 Bg5 57. Bb5 Kf7 58. Qe2 Qh1 59.
Bd7 Qb1+ 60. Qc2 Qa1 61. Ke2 Qd4 62. Qd3 Qe5+ 63. Kd1 Bh4 64. Bc6 Qe1+ 1/2-1/2

[Event "GBR-ch"]
[Site "Aberystwyth, Wales"]
[Date "2014.07.30"]
[Round "11.22"]
[White "Villiers, Thomas"]
[Black "Hill, Clive E"]
[Result "0-1"]
[WhiteElo "2068"]
[BlackElo "2330"]
[PlyCount "60"]
[EventDate "2014.07.19"]
[EventType "swiss"]
[EventRounds "11"]
[EventCountry "GBR"]
[Source "John Saunders"]
[SourceDate "2015.07.24"]

1. d4 g6 2. c4 Bg7 3. g3 c5 4. d5 d6 5. Bg2 Na6 6. Nf3 Nc7 7. Nc3 f5 8. O-O Nf6
9. Qc2 O-O 10. b3 Qe8 11. Bb2 b5 12. Rae1 bxc4 13. bxc4 Rb8 14. Nd2 g5 15. e4
Qh5 16. f3 fxe4 17. fxe4 Ng4 18. Rxf8+ Kxf8 19. Nf3 Bd4+ 20. Nxd4 Qxh2+ 21. Kf1
cxd4 22. Nb5 Qxg3 23. Nxd4 Ba6 24. Nf3 Kg8 25. Kg1 Rf8 26. Qc3 Qf2+ 27. Kh1 Rf6
28. Nxg5 Rh6+ 29. Nh3 Rxh3+ 30. Bxh3 Qh2# 0-1

[Event "GBR-ch"]
[Site "Aberystwyth, Wales"]
[Date "2014.07.30"]
[Round "11.23"]
[White "Fathallah, Joe"]
[Black "Burnett, Jim"]
[Result "1/2-1/2"]
[WhiteElo "1953"]
[BlackElo "2124"]
[PlyCount "78"]
[EventDate "2014.07.19"]
[EventType "swiss"]
[EventRounds "11"]
[EventCountry "GBR"]
[Source "John Saunders"]
[SourceDate "2015.07.24"]

1. d4 d5 2. Bf4 Nf6 3. e3 Bg4 4. Nf3 e6 5. Be2 Be7 6. O-O O-O 7. h3 Bh5 8. Nbd2
c5 9. c3 Nc6 10. Ne5 Bxe2 11. Qxe2 Nxe5 12. Bxe5 Qb6 13. dxc5 Qxc5 14. Nb3 Qb6
15. Bxf6 Bxf6 16. Nd4 a6 17. Rfd1 Rfd8 18. Rd2 Rac8 19. Rad1 Qc7 20. Nb3 Qc6
21. Nd4 Qc4 22. Qxc4 Rxc4 23. Ne2 Rdc8 24. a3 Kf8 25. Kf1 b5 26. Nd4 Rb8 27.
Nb3 Rcc8 28. Ke2 Ra8 29. Nd4 Rab8 30. Nb3 Ke8 31. Kf3 Bg5 32. g3 f5 33. Kg2 Kf7
34. Re2 Rd8 35. Red2 Rd6 36. h4 Be7 37. f3 Rbd8 38. Nc5 Rc8 39. Nb3 Rcd8
1/2-1/2

[Event "GBR-ch"]
[Site "Aberystwyth, Wales"]
[Date "2014.07.30"]
[Round "11.24"]
[White "Brusey, Alan W"]
[Black "Brown, Thomas"]
[Result "0-1"]
[WhiteElo "1951"]
[BlackElo "2104"]
[PlyCount "120"]
[EventDate "2014.07.19"]
[EventType "swiss"]
[EventRounds "11"]
[EventCountry "GBR"]
[Source "John Saunders"]
[SourceDate "2015.07.24"]

1. e4 c6 2. c4 d5 3. exd5 cxd5 4. cxd5 Nf6 5. Nc3 Nxd5 6. Bc4 Nb6 7. Bb3 Nc6 8.
Nf3 g6 9. d4 Bg7 10. Be3 O-O 11. h3 Na5 12. Bc2 Nac4 13. Qc1 Nxe3 14. fxe3 e5
15. dxe5 Nc4 16. O-O Nxe5 17. Nxe5 Bxe5 18. Bb3 Qg5 19. Rf3 Be6 20. Bxe6 fxe6
21. Qf1 Rxf3 22. Qxf3 Rf8 23. Ne4 Rxf3 24. Nxg5 Rxe3 25. Rd1 Bf6 26. h4 h6 27.
Kf2 Re5 28. Nf3 Rc5 29. Rd2 Rc7 30. Ke3 Kf7 31. b3 Ke7 32. g4 Rc5 33. Rg2 g5
34. hxg5 Bxg5+ 35. Nxg5 hxg5 36. Rh2 Rb5 37. Rh7+ Kf6 38. Rh6+ Kf7 39. Ke4 a5
40. Rh7+ Kg6 41. Re7 Kf6 42. Rh7 Rb4+ 43. Kf3 b5 44. Rh6+ Kf7 45. Rh7+ Kg6 46.
Ra7 a4 47. bxa4 Rf4+ 48. Ke3 bxa4 49. Ra6 Kf6 50. Ra8 Rxg4 51. Rf8+ Ke7 52. Rg8
Rg3+ 53. Kd4 Kf7 54. Ra8 Ra3 55. Ke5 Rxa2 56. Ra7+ Kg6 57. Kxe6 a3 58. Ke5 Ra1
59. Ra6+ Kh5 60. Ra8 a2 0-1

[Event "GBR-ch"]
[Site "Aberystwyth, Wales"]
[Date "2014.07.30"]
[Round "11.25"]
[White "Horton, Justin"]
[Black "Kalaiyalahan, Akshaya"]
[Result "1-0"]
[WhiteElo "2104"]
[BlackElo "2016"]
[PlyCount "65"]
[EventDate "2014.07.19"]
[EventType "swiss"]
[EventRounds "11"]
[EventCountry "GBR"]
[Source "John Saunders"]
[SourceDate "2015.07.24"]

1. d4 d5 2. c4 c6 3. Nf3 Nf6 4. Nc3 dxc4 5. a4 Bf5 6. e3 e6 7. Bxc4 Bb4 8. O-O
O-O 9. Qe2 Bg6 10. Ne5 Nbd7 11. Nxg6 hxg6 12. Rd1 Qa5 13. e4 Qh5 14. Qxh5 gxh5
15. f3 c5 16. Na2 a5 17. Nxb4 axb4 18. Be3 Rfc8 19. Bb5 cxd4 20. Rxd4 Ne5 21.
Rxb4 h4 22. Be2 Rc2 23. Bd1 Rc4 24. Rxb7 Ne8 25. b3 Rcc8 26. Rc1 Rxc1 27. Bxc1
Nd6 28. Rb6 Rd8 29. Be2 Nc8 30. Rb5 f6 31. Be3 g5 32. a5 Nd6 33. Rb6 1-0

[Event "GBR-ch"]
[Site "Aberystwyth, Wales"]
[Date "2014.07.30"]
[Round "11.26"]
[White "Lenier, Jude A"]
[Black "Davis, Lee"]
[Result "1-0"]
[WhiteElo "2099"]
[BlackElo "1978"]
[PlyCount "49"]
[EventDate "2014.07.19"]
[EventType "swiss"]
[EventRounds "11"]
[EventCountry "GBR"]
[Source "John Saunders"]
[SourceDate "2015.07.24"]

1. e4 g6 2. d4 d6 3. Nc3 Nf6 4. Be3 c6 5. Nf3 b5 6. Bd3 Bg7 7. h3 O-O 8. Qd2 b4
9. Ne2 a5 10. c4 bxc3 11. bxc3 Ba6 12. Bc2 Nfd7 13. O-O c5 14. Rfd1 Qc7 15. Ng3
Nc6 16. Bh6 e6 17. Nh5 Bh8 18. Bxf8 Rxf8 19. Qh6 f6 20. e5 dxe5 21. Bxg6 Nb6
22. dxe5 Be2 23. exf6 Bxf6 24. Nxf6+ Rxf6 25. Bxh7+ 1-0

[Event "GBR-ch"]
[Site "Aberystwyth, Wales"]
[Date "2014.07.30"]
[Round "11.27"]
[White "Hughes, Roy"]
[Black "Clancy, Martin J"]
[Result "0-1"]
[WhiteElo "2059"]
[BlackElo "2009"]
[PlyCount "78"]
[EventDate "2014.07.19"]
[EventType "swiss"]
[EventRounds "11"]
[EventCountry "GBR"]
[Source "John Saunders"]
[SourceDate "2015.07.24"]

1. d4 Nf6 2. Nf3 g6 3. Bf4 Bg7 4. e3 d6 5. Be2 Nbd7 6. h3 O-O 7. c4 Ne4 8. Nc3
Nxc3 9. bxc3 e5 10. Bh2 e4 11. Nd2 f5 12. Qc2 Nf6 13. Nb3 a5 14. a4 Kh8 15. c5
b6 16. Bb5 Ba6 17. cxd6 cxd6 18. c4 Bxb5 19. axb5 Rc8 20. Qe2 Rf7 21. O-O Rfc7
22. Ra4 Qg8 23. Nd2 Qe6 24. Rb1 Nd7 25. Bf4 Bf6 26. Bg3 g5 27. Qh5 Nf8 28. Qd1
Ng6 29. Qb3 f4 30. Bh2 h5 31. c5 d5 32. cxb6 Rc1+ 33. Rxc1 Rxc1+ 34. Nf1 Nh4
35. b7 Nf3+ 36. gxf3 Qxh3 37. b8=Q+ Kg7 38. Qc7+ Rxc7 39. fxe4 f3 0-1

[Event "GBR-ch"]
[Site "Aberystwyth, Wales"]
[Date "2014.07.30"]
[Round "11.28"]
[White "Slade, Theodore"]
[Black "Fraser, John"]
[Result "1-0"]
[WhiteElo "1818"]
[BlackElo "1854"]
[PlyCount "97"]
[EventDate "2014.07.19"]
[EventType "swiss"]
[EventRounds "11"]
[EventCountry "GBR"]
[Source "John Saunders"]
[SourceDate "2015.07.24"]

1. e4 c5 2. Nf3 d6 3. d4 cxd4 4. Nxd4 Nf6 5. f3 g6 6. c4 Bg7 7. Nc3 Nc6 8. Be3
Bd7 9. Be2 a6 10. O-O O-O 11. Qd2 Re8 12. Rfd1 Rb8 13. Nc2 Be6 14. Rac1 Nd7 15.
Nd4 Nxd4 16. Bxd4 Bxd4+ 17. Qxd4 Qb6 18. Qxb6 Nxb6 19. Nd5 Bxd5 20. cxd5 Rec8
21. f4 Rxc1 22. Rxc1 Rc8 23. Rxc8+ Nxc8 24. Bg4 Nb6 25. b3 Kf8 26. Kf2 Ke8 27.
h4 Nd7 28. Ke3 Kd8 29. b4 Nf6 30. Bf3 Nd7 31. h5 Nf6 32. e5 Nxh5 33. Bxh5 gxh5
34. Ke4 Kd7 35. Kf5 h6 36. g3 b6 37. a4 b5 38. a5 Ke8 39. exd6 Kd7 40. dxe7
Kxe7 41. Ke5 f6+ 42. Kf5 Kd6 43. Kxf6 Kxd5 44. Kg6 Ke4 45. f5 Kf3 46. f6 Kxg3
47. f7 h4 48. f8=Q h3 49. Qf1 1-0